000 00513nam a2200169Ia 4500
005 20250423100431.0
008 250422s9999 xx 000 0 und d
020 _a9780199670840
050 _aJA 61 .B76/
100 _aBrown, Garrett W.
245 0 _aOxford concise dictionary of politics & international relations
260 _aNew York
260 _bOxford University Press
260 _c2018
650 _a Political science--Dictionaries. International relations--Dictionaries.
942 _cBK
999 _c33294
_d33294